Juegos de origen prehispánico en el austro ecuatoriano /
Bewaard in:
| Hoofdauteur: | |
|---|---|
| Formaat: | Elektronisch E-boek |
| Taal: | Spaans |
| Gepubliceerd in: |
Cuenca, Ecuador :
Universidad del Azuay, Casa Editora,
[2025]
|
| Onderwerpen: | |
| Online toegang: | Digitalia Hispánica |
| Tags: |
Voeg label toe
Geen labels, Wees de eerste die dit record labelt!
|
MARC
| LEADER | 00000nam a2200000 i 4500 | ||
|---|---|---|---|
| 001 | DIGUAZUAY0286 | ||
| 003 | NyNyDIG | ||
| 007 | cr ||||||||||| | ||
| 008 | 260119s2024 ec a ob 000 0 spa d | ||
| 006 | m o d | ||
| 035 | |a (OCoLC)1536988882 | ||
| 040 | |a DGITA |b eng |e rda |e pn |c DGITA | ||
| 020 | |a 9789942670465 |q eBook | ||
| 020 | |z 9789942670458 | ||
| 043 | |a s-ec--- | ||
| 050 | 1 | 4 | |a F3721.3.G3 ebook |
| 100 | 1 | |a Encalada Vásquez, Oswaldo, |d 1955- |e author. | |
| 245 | 1 | 0 | |a Juegos de origen prehispánico en el austro ecuatoriano / |c Oswaldo Encalada Vásquez. |
| 264 | 1 | |a Cuenca, Ecuador : |b Universidad del Azuay, Casa Editora, |c [2025] | |
| 300 | |a 1 online resource : |b illustrations. | ||
| 336 | |a text |b txt |2 rdacontent | ||
| 337 | |a computer |b c |2 rdamedia | ||
| 338 | |a online resource |b cr |2 rdacarrier | ||
| 347 | |a text file |2 rdaft | ||
| 347 | |b PDF | ||
| 504 | |a Includes bibliographical references. | ||
| 588 | 0 | |a Online resource; title from PDF title page (Digitalia, viewed January 19, 2026) | |
| 650 | 0 | |a Indians of South America |x Games |z Ecuador. | |
| 651 | 0 | |a Ecuador |x Antiquities. | |
| 791 | 2 | |a Digitalia (Firm), |e distributor. | |
| 793 | 0 | |g Digitalia eBook Collection: |a Universidad del Azuay | |
| 776 | 0 | 8 | |i Print version: |a Encalada Vásquez, Oswaldo, 1955- |t Juegos de origen prehispánico en el austro ecuatoriano. |d Cuenca, Ecuador : Universidad del Azuay, Casa Editora, [2025] |z 9789942670458 |
| 856 | 4 | 0 | |3 Digitalia Hispánica |u https://digitalia.unach.elogim.com/a/180850/ |
| 910 | |a Premium collection: 2026 | ||